000 02080nam0a22002411 4500
001 rc\2213128
005 20250623001943.0
035 _a(NLR Aleph) 006488331
090 _a6105896
_c6105896
100 _a20110829d1978 |||y0rusy50 ca
101 0 _arus
102 _aRU
105 _aa z |||||
200 1 _aПринцип оформления схем рациональных приемов выполнения операций по прогрессивной технологии при пошиве женской верхней одежды и составления инструкционно-технологических карт
_fМ-во быт. обслуживания РСФСР, Центр. опыт.-техн. швейн. лаб.
210 _aМосква
_cЦБНТИ
_d1978
215 _a[2], 63 с.
_cил.
_d20
311 _aПрил. 2 к Методическим указаниям по организации оптимального производственного процесса изготовления верхней одежды высокого качества с учетом современной моды и индивидуальных особенностей заказчика
422 0 _12001#$aМетодические указания по организации оптимального производственного процесса изготовления верхней одежды высокого качества с учетом современной моды и индивидуальных особенностей заказчика
_tМетодические указания по организации оптимального производственного процесса изготовления верхней одежды высокого качества с учетом современной моды и индивидуальных особенностей заказчика
801 0 _aRU
_bNLR
_gpsbo
801 1 _aRU
_bELAR
_2rusmarc
852 _aNLR
_j79-4/8607
942 _cBOOK
980 _aNB